000
00320nam a22001457a 4500
020
_a
81-300-0003-2
082
_a
DIO
_b
KAK/H
100
_a
KAKKANADAN, RAJAN
245
_a
HIMAVANTE MUKALTHATTIL
260
_a
KOZHIKODE
_b
POORNNA PUBLICATIONS
_c
2016
300
_a
160
520
_a
NOVEL
650
_a
NOVEL
942
_c
BK
999
_c
5281
_d
5281